| 000 | 00719nam a2200217 i 4500 | ||
|---|---|---|---|
| 001 | 82321 | ||
| 003 | ES-MaACL | ||
| 005 | 20230906174644.0 | ||
| 007 | t| | ||
| 008 | 041108s1965 mx ||||1| spa d | ||
| 245 | 0 | 3 |
_aLa infancia y la juventud en la planificación del desarrollo / _cA.Z.N. Swai ... [et al.] ; edición por Francisco López Cámara. |
| 250 | _a[1ª ed.]. | ||
| 260 |
_aMéxico : _bFondo de Cultura Económica de México, _c[1965] |
||
| 300 |
_a172 p. ; _c21 cm. |
||
| 650 | 0 | 4 |
_aPolítica económica. _916293 |
| 650 | 4 |
_aNiños. _9136596 |
|
| 650 | 4 |
_aJóvenes. _9148325 |
|
| 700 | 1 |
_aSwai, A. Z. N. _9108912 |
|
| 700 | 1 |
_aLópez Camara, Francisco. _973481 |
|
| 852 |
_aES-MaACL _jE-6098 _bR.90555 |
||
| 999 |
_c82321 _d82321 |
||